Semimartingales and their statistical inference
Αποθηκεύτηκε σε:
| Κύριος συγγραφέας: | |
|---|---|
| Μορφή: | Βιβλίο |
| Γλώσσα: | English |
| Δημοσίευση: |
Boca Raton ; : London :
Chapman & Hall/CRC press,
c1999
|
| Σειρά: | Monographs on statistics and applied probability ;
; 83 |
| Θέματα: | |
| Ετικέτες: |
Προσθήκη ετικέτας
Δεν υπάρχουν, Καταχωρήστε ετικέτα πρώτοι!
|
MARC
| LEADER | 00000nam a2200000 i 4500 | ||
|---|---|---|---|
| 001 | 1/5669 | ||
| 008 | 000608s1999 eng d | ||
| 020 | |a 1-58488-008-2 | ||
| 035 | |l 10061668 | ||
| 040 | |a GR-MY-UA |b gre |e aacr | ||
| 041 | 0 | |a eng | |
| 082 | 0 | |a 519.5 | |
| 100 | 1 | |a Prakasa Rao, B. L. S. | |
| 245 | 1 | 0 | |a Semimartingales and their statistical inference / |c B.L.S. Prakasa Rao |
| 260 | |a Boca Raton ; : |a London : |b Chapman & Hall/CRC press, |c c1999 | ||
| 300 | |a 582 σ.; |c 24 εκ. | ||
| 490 | 1 | |a Monographs on statistics and applied probability |v ; 83 | |
| 504 | |a Περιέχει βιβλιογραφικές αναφορές και ευρετήριο | ||
| 650 | 0 | 0 | |a Mathematical statistics |x Asymptotic theory. |
| 650 | 0 | 0 | |a Semimartingales (Mathematics) |
| 830 | 0 | |a Monographs on statistics and applied probability ; |v ; 83 | |
| 852 | |a INST |b SAMOS |e 20000608 |h 519.5 PRA |p 005300019695 |q 005300019695 |t BK |y 0 | ||
| 901 | |a BIBL3-2000-2 | ||
| 909 | |a Σ |b 078712 | ||
| 922 | |a 3ΕΛΗ |b 200005 |c ΤΜΗΜΑ ΜΑΘΗΜΑΤΙΚΩΝ |d ΠΑΠΑΣΩΤΗΡΙΟΥ | ||
| 950 | |a 116-2000-01-19 | ||
| 970 | |a ΓΕΝΟΥΖΟΥ |b ΧΡΥΣΑΝΘΗ |z 2000/06/08 | ||